Les villes d'Auvergne Rhône-Alpes de plus de 10 000 hab - Statistiques

Statistiques générales
  • Ce quiz a été pris 102 fois
  • Le résultat moyen est 41 sur 107
Statistiques - réponses
Ville Population % Correct
Lyon 526 964
99%
Clermont-Ferrand 150 443
94%
Saint-Étienne 173 756
92%
Grenoble 156 064
91%
Villeurbanne 161 203
87%
Annecy 134 902
85%
Chambéry 59 856
82%
Bourg-en-Bresse 41 900
78%
Valence 65 455
77%
Vénissieux 67 363
75%
Roanne 34 762
68%
Le Puy-en-Velay 18 517
67%
Vichy 26 178
67%
Bron 44 222
66%
Vaulx-en-Velin 54 682
66%
Saint-Priest 50 751
65%
Vienne 32 087
62%
Villefranche-sur-Saône 35 591
61%
Montluçon 31 670
59%
Moulins 19 169
59%
Thonon-les-Bains 38 149
59%
Annemasse 39 299
58%
Échirolles 37 516
58%
Oyonnax 22 210
58%
Montélimar 41 500
57%
Albertville 20 231
56%
Caluire-et-Cuire 44 229
56%
Saint-Chamond 35 173
56%
Aix-les-Bains 32 937
53%
Aurillac 25 815
52%
Givors 21 343
51%
Firminy 17 292
48%
Bourgoin-Jallieu 30 655
47%
Romans-sur-Isère 32 616
47%
Décines-Charpieu 30 997
44%
Riom 18 624
44%
Meyzieu 37 521
43%
Voiron 21 080
43%
Issoire 15 240
42%
Saint-Martin-d'Hères 38 454
42%
Ambérieu-en-Bugey 15 213
41%
Annonay 16 974
41%
Aubenas 12 434
41%
Oullins-Pierre-Bénite 37 940
41%
Saint-Julien-en-Genevois 16 810
41%
Thiers 11 563
41%
Gex 13 838
39%
Rillieux-la-Pape 31 178
38%
Tassin-la-Demi-Lune 23 156
38%
Montbrison 16 355
35%
Saint-Genis-Laval 20 741
35%
Fontaine 23 098
34%
Tarare 10 334
33%
Valserhône 16 295
33%
Rive-de-Gier 15 214
30%
Tournon-sur-Rhône 11 633
30%
Villefontaine 19 198
30%
Bonneville 13 050
29%
Cluses 16 959
29%
Cournon-d'Auvergne 20 436
29%
Écully 18 582
29%
L'Isle-d'Abeau 17 675
29%
Sainte-Foy-lès-Lyon 21 792
29%
Saint-Fons 20 006
29%
Bourg-lès-Valence 19 347
27%
Genas 13 850
27%
Sallanches 17 705
27%
Bourg-de-Péage 10 128
25%
Brignais 12 954
25%
Chassieu 11 599
25%
Francheville 15 665
25%
La Motte-Servolex 12 597
25%
Belleville-en-Beaujolais 14 035
24%
Grigny 10 007
24%
Meylan 19 250
24%
Rumilly 16 581
24%
Saint-Égrève 17 666
24%
Sassenage 11 660
24%
Andrézieux-Bouthéon 10 310
23%
Corbas 10 867
22%
Feyzin 10 002
22%
Le Pont-de-Claix 10 805
22%
Pierrelatte 14 175
22%
Seyssinet-Pariset 11 508
22%
Craponne 12 410
20%
Chamalières 17 402
19%
Miribel 10 566
19%
Yzeure 12 373
19%
Roussillon 14 195
18%
Ferney-Voltaire 11 725
16%
Mions 14 122
16%
Saint-Just-Saint-Rambert 15 651
15%
Cusset 12 909
14%
Portes-lès-Valence 10 516
14%
Saint-Genis-Pouilly 16 901
14%
Charvieu-Chavagneux 11 070
13%
La Roche-sur-Foron 11 061
13%
Divonne-les-Bains 10 600
11%
Gerzat 10 166
11%
Passy 11 101
11%
Beaumont 10 396
10%
Guilherand-Granges 11 372
10%
Aubière 10 303
9%
Pont-du-Château 13 339
8%
Riorges 11 245
8%
Vétraz-Monthoux 10 664
6%
Le Chambon-Feugerolles 11 779
5%
Aucun quiz correspondant
Distribution des résultats
% des personnes avec chaque résultat
Percentile par nombre de réponses
Votre historique - résultats
Vous n’avez pas pris ce quiz